ნორმალური ფორმატი
MARC ფორმატი
ჩანაწერი Personal Name
ჩანაწერთა რაოდენობა, რომელიც გამოყენებულია: 1
001 - CONTROL NUMBER
- control field: 23895
003 - CONTROL NUMBER IDENTIFIER
- control field: GE_BSU
005 - DATE AND TIME OF LATEST TRANSACTION
- control field: 20241206162613.0
008 - FIXED-LENGTH DATA ELEMENTS
- fixed length control field: 241206|| aca||aabn | a|a d
040 ## - CATALOGING SOURCE
- Original cataloging agency: GE_BSU
- Transcribing agency: GE_BSU
100 ## - HEADING--PERSONAL NAME
- Personal name: კენკიშვილი, კახაბერ
- Relator term: შემდგენელი
670 ## - SOURCE DATA FOUND
- Source citation: Work cat.: (GE_BSU)49233: წმინდა სვიმეონ მესვეტე (უფროსი), წმინდა დანიელი, წმინდა სვიმეონ მესვეტე (უმცროსი), წმინდა ნიკიტა მესვეტე, წმინდა ალვიპი მესვეტე, წმინდა ლუკა მესვეტე /
